| 000 | 01146nam a2200253 i 4500 | ||
|---|---|---|---|
| 001 | 157696 | ||
| 003 | ES-MaACL | ||
| 005 | 20251218063014.0 | ||
| 008 | 991104s1877 fr |||| | fre d | ||
| 040 |
_aEUS _bspa _cEUS |
||
| 100 | 1 |
_aLiberatore, Matteo, _d1810-1892 _9156482 |
|
| 245 | 1 | 2 |
_aL'Eglise et l'état dans leurs rapports mutuels / _cpar le R.P. Liberatore de la Compagnie de Jésus ; ouvrage traduit l'italien sur la seconde édition par un docteur en théologie du Collége romain, professeur de grand-Seminaire. |
| 260 |
_aParis : _bSociété Générale de Librairie Catholique, Ancienne Maison Palmé [etc.], _c1877 ( _eLangres : _fFirmin Dangien) |
||
| 300 |
_a[4], VII, 572 p. ; _c22 cm. |
||
| 546 | _aTexto en francés y notas en latín. | ||
| 594 | _aCada parte con portadilla propia. | ||
| 597 | _aSignaturizado. | ||
| 700 | 0 |
_aDocteur en théologie du Collège Romain, Un, _etrad. _9126811 |
|
| 710 | 2 |
_aSociété Générale de Librairie Catholique ( _cParis, _eed. _9134938 |
|
| 752 |
_aFrancia - _dParis |
||
| 852 |
_aES-MaACL _jG-12341 _z-- Enc. hol. |
||
| 999 |
_c157696 _d157696 |
||